| 000 | 00999cam a2200229 4500 | ||
|---|---|---|---|
| 001 | J121755 | ||
| 008 | 030326n2002 000 0 eng u | ||
| 035 | _a(Sirsi) u121755 | ||
| 041 | _aeng. | ||
| 050 |
_a624.08 _c18 |
||
| 110 |
_aAssociation of Consulting Engineers _91225 |
||
| 245 | _aACE Agreement B(1) 2002 Civil/Structural Engineering; non lead consultant | ||
| 260 |
_aLondon _bACE _c2002 |
||
| 300 |
_a34p. _c31cm. |
||
| 350 | _a24 | ||
| 520 | _aThis agreement is intended for use when the consulting engineer is appointed directly by the client, but not as lead consultant for the provision of civil/structural engineering services. It should be used in conjunction with the guidance document B - 'ACE Agreements 2002 guidance', a copy of which is included in the folder containing the agreement. | ||
| 650 | _aCIVIL ENGINEERING CONTRACTS | ||
| 650 | _aSTRUCTURAL ENGINEERING | ||
| 650 | _aCONSULTING ENGINEERS | ||
| 690 | _aBUILDING AND CONSTRUCTION-ENGINEERING | ||
| 942 | _n0 | ||
| 999 |
_c102725 _d102725 |
||